Pays de Super Mario Odyssey - Statistiques

Statistiques générales
  • Ce quiz a été pris 35 fois
  • Le résultat moyen est 14 sur 17
Statistiques - réponses
Nom du pays % Correct
Pays de Bowser
93%
Pays de la Forêt
93%
Pays de la Lune
93%
Pays des Chapeaux
93%
Pays de la Mer
90%
Pays des Nuages
90%
Pays du Lac
90%
Pays des Sables
86%
Pays de la Cuisine
83%
Pays des Ruines
83%
Pays des Chutes
79%
Pays des Gratte-Ciel
76%
Côté obscur de la Lune
72%
Côté très obscur de la Lune
72%
Pays Perdu
72%
Royaume Champignon
72%
Pays des Neiges
69%
Aucun quiz correspondant
Distribution des résultats
% des personnes avec chaque résultat
Percentile par nombre de réponses
Votre historique - résultats
Vous n’avez pas pris ce quiz